Κατάλογος Βιβλιοθηκών Mediterranean College

Architectural Design Procedures (Record no. 3729)

MARC details
000 -LEADER
fixed length control field 01405cam a22002174a 4500
005 - ΗΜΕΡΟΜΗΝΙΑ ΚΑΙ ΩΡΑ ΤΕΛΕΥΤΑΙΑΣ ΕΝΗΜΕΡΩΣΗΣ
Πεδίο ελέγχου 20250605164123.0
008 - FIXED-LENGTH DATA ELEMENTS--GENERAL INFORMATION
Πεδίο ελέγχου σταθερού μήκους 250528s ||||||||||||||||||||||||d
035 ## - SYSTEM CONTROL NUMBER
System control number 18367
020 ## - ISBN
ISBN 340504137
040 ## - ΠΗΓΗ ΚΑΤΑΛΟΓΟΓΡΑΦΗΣΗΣ
Φορέας πρωτότυπης καταλογογράφησης MC Athens Campus Library
Γλώσσα καταλογογράφησης Ελληνικά, Μοντέρνα (1453-)
Modifying agency MC Athens Campus Library
Κανόνες περιγραφικής καταλογογράφησης AACR2
245 1# - ΤΙΤΛΟΣ ΚΑΙ ΔΗΛΩΣΗ ΥΠΕΥΘΥΝΟΤΗΤΑΣ
Τίτλος Architectural Design Procedures
260 ## - PUBLICATION, DISTRIBUTION, ETC.
Date of publication, distribution, etc. 1990
300 ## - PHYSICAL DESCRIPTION
Extent 220
505 0# - FORMATTED CONTENTS NOTE
Formatted contents note Preface, Acknowledgements, Setting the Scene, Background to Architectural Practices, Organisation and Business Side of Architectural Practices, Architects and the Law, Technical Information, General Office Practice, Design Constraints, Design Procedures Generally, Pre-Contact Procedures Generally, Pre-Contact Procedures Generally, Contract Stages, Standard Documentation, Word Phrases and Abbreviations, Questions, Bibliography, Recommended Reading, Index.
520 ## - SUMMARY, ETC.
Summary, etc. Preface, Acknowledgements, Setting the Scene, Background to Architectural Practices, Organisation and Business Side of Architectural Practices, Architects and the Law, Technical Information, General Office Practice, Design Constraints, Design Procedures Generally, Pre-Contact Procedures Generally, Pre-Contact Procedures Generally, Contract Stages, Standard Documentation, Word Phrases and Abbreviations, Questions, Bibliography, Recommended Reading, Index.
700 1# - ΠΡΟΣΘΕΤΗ ΑΝΑΓΡΑΦΗ--ΦΥΣΙΚΟ ΠΡΟΣΩΠΟ
Personal name Edward Arnold
9 (RLIN) 242
700 1# - ΠΡΟΣΘΕΤΗ ΑΝΑΓΡΑΦΗ--ΦΥΣΙΚΟ ΠΡΟΣΩΠΟ
Personal name Thompson Arthur
9 (RLIN) 1601
942 ## - ADDED ENTRY ELEMENTS (KOHA)
Koha item type Books
Holdings
Τύπος τεκμηρίου Βιβλιοθήκη Τρέχουσα τοποθεσία Barcode Αριθμός εισαγωγής Ημερομηνία απόκτησης Ταξιθετικό σύμβολο Αριθμός αντιτύπου Κατάσταση απόσυρσης Κατάσταση χαμένου Κατάσταση κατεστραμμένου Μη δανεισμός Σύνολο δανεισμών Ημερομηνία τελευταίας εμφάνισης Η τιμή ισχύει από
Books MC Athens Campus Library MC Athens Campus Library 9780000037282 3014 05/06/2025 721 THO 1           05/06/2025 05/06/2025

MC Athens Campus Library
Πατησίων 94 & Κοδριγκτώνος 13, 104 34
Πελλήνης 8 & Πατησίων 107, 112 51
Τ: +30 210 8899600

MC Thessaloniki Campus Library
Ίωνος Δραγούμη 21, 54625 | Ίωνος Δραγούμη 15, 54625
Τ: +30 2310 287779 – Τ: +30 2314 440300